Statistics for Countries That Border Brazil

Click here to take the quiz!

General Stats

  • This quiz has been taken 17 times
  • The average score is 9 of 10

Answer Stats

Answer% Correct
Colombia
100%
Peru
100%
Venezuela
100%
Argentina
93%
French Guiana
93%
Guyana
93%
Paraguay
93%
Suriname
93%
Uruguay
93%
Bolivia
87%

Score Distribution

Percentile by Number Answered

Percent of People with Each Score

Your Score History

You have not taken this quiz